<?xml version="1.0" encoding="UTF-8"?>
<collection xmlns="http://www.loc.gov/MARC21/slim">
 <record>
  <leader>01758caa a2200349   4500</leader>
  <controlfield tag="001">838988806</controlfield>
  <controlfield tag="003">DE-627</controlfield>
  <controlfield tag="005">20220720134001.0</controlfield>
  <controlfield tag="007">tu</controlfield>
  <controlfield tag="008">151110s2013    xx ||||| o    00| ||ger c</controlfield>
  <datafield tag="035" ind1=" " ind2=" ">
   <subfield code="a">(DE-627)838988806</subfield>
  </datafield>
  <datafield tag="035" ind1=" " ind2=" ">
   <subfield code="a">(DE-576)9838988804</subfield>
  </datafield>
  <datafield tag="035" ind1=" " ind2=" ">
   <subfield code="a">(DE-599)GBV838988806</subfield>
  </datafield>
  <datafield tag="035" ind1=" " ind2=" ">
   <subfield code="a">(OCoLC)1251471999</subfield>
  </datafield>
  <datafield tag="040" ind1=" " ind2=" ">
   <subfield code="a">DE-627</subfield>
   <subfield code="b">ger</subfield>
   <subfield code="c">DE-627</subfield>
   <subfield code="e">rakwb</subfield>
  </datafield>
  <datafield tag="041" ind1=" " ind2=" ">
   <subfield code="a">ger</subfield>
  </datafield>
  <datafield tag="100" ind1="1" ind2=" ">
   <subfield code="a">Brandorff, Helmut</subfield>
   <subfield code="0">(DE-588)1066382557</subfield>
   <subfield code="0">(DE-627)817464085</subfield>
   <subfield code="0">(DE-576)186220162</subfield>
   <subfield code="4">aut</subfield>
  </datafield>
  <datafield tag="245" ind1="1" ind2="0">
   <subfield code="a">[Rezension von: Puhle, Matthias (Hrsg.), Aufbruch in die Gotik. Der Magdeburger Dom und die späte Stauferzeit. Begleitpublikation zur Landesausstellung Sachsen-Anhalt aus Anlass des 800. Domjubiläums vom 31. August bis zum 6. Dezmber 2009 im Kulturhistorischen Museum Magdeburg. Band I: Essays, Band II: Katalog. Gebunden]</subfield>
   <subfield code="c">Helmut Brandorff</subfield>
  </datafield>
  <datafield tag="264" ind1=" " ind2="1">
   <subfield code="c">2013</subfield>
  </datafield>
  <datafield tag="336" ind1=" " ind2=" ">
   <subfield code="a">Text</subfield>
   <subfield code="b">txt</subfield>
   <subfield code="2">rdacontent</subfield>
  </datafield>
  <datafield tag="337" ind1=" " ind2=" ">
   <subfield code="a">ohne Hilfsmittel zu benutzen</subfield>
   <subfield code="b">n</subfield>
   <subfield code="2">rdamedia</subfield>
  </datafield>
  <datafield tag="338" ind1=" " ind2=" ">
   <subfield code="a">Band</subfield>
   <subfield code="b">nc</subfield>
   <subfield code="2">rdacarrier</subfield>
  </datafield>
  <datafield tag="655" ind1=" " ind2="7">
   <subfield code="a">Rezension</subfield>
   <subfield code="0">(DE-588)4049712-4</subfield>
   <subfield code="0">(DE-627)106186019</subfield>
   <subfield code="0">(DE-576)209083166</subfield>
   <subfield code="2">gnd-content</subfield>
  </datafield>
  <datafield tag="700" ind1="1" ind2=" ">
   <subfield code="a">Puhle, Matthias</subfield>
   <subfield code="d">1955-</subfield>
   <subfield code="0">(DE-588)109663373</subfield>
   <subfield code="0">(DE-627)501461485</subfield>
   <subfield code="0">(DE-576)162628420</subfield>
   <subfield code="4">oth</subfield>
  </datafield>
  <datafield tag="773" ind1="0" ind2="8">
   <subfield code="i">Enthalten in</subfield>
   <subfield code="t">Die Kunde</subfield>
   <subfield code="d">Hannover : Niedersächsischer Landesverein für Urgeschichte, 1933</subfield>
   <subfield code="g">62(2011), Seite 177-178</subfield>
   <subfield code="w">(DE-627)129529834</subfield>
   <subfield code="w">(DE-600)214643-5</subfield>
   <subfield code="w">(DE-576)014953455</subfield>
   <subfield code="x">0342-0736</subfield>
   <subfield code="7">nnns</subfield>
  </datafield>
  <datafield tag="773" ind1="1" ind2="8">
   <subfield code="g">volume:62</subfield>
   <subfield code="g">year:2011</subfield>
   <subfield code="g">pages:177-178</subfield>
  </datafield>
  <datafield tag="787" ind1="0" ind2="8">
   <subfield code="i">Rezension von</subfield>
   <subfield code="t">Aufbruch in die Gotik</subfield>
   <subfield code="d">Mainz : von Zabern</subfield>
   <subfield code="h">2 Bände</subfield>
   <subfield code="w">(DE-627)822926237</subfield>
   <subfield code="w">(DE-576)9822926235</subfield>
   <subfield code="z">9783805340625</subfield>
  </datafield>
  <datafield tag="935" ind1=" " ind2=" ">
   <subfield code="i">vzg4007</subfield>
  </datafield>
  <datafield tag="936" ind1="u" ind2="w">
   <subfield code="d">62</subfield>
   <subfield code="j">2011</subfield>
   <subfield code="h">177-178</subfield>
  </datafield>
  <datafield tag="951" ind1=" " ind2=" ">
   <subfield code="a">AR</subfield>
  </datafield>
  <datafield tag="991" ind1=" " ind2=" ">
   <subfield code="a">Rezension (Monographie, Zeitschrift, Aufsatz)</subfield>
  </datafield>
  <datafield tag="999" ind1=" " ind2=" ">
   <subfield code="a">KXP-PPN838988806</subfield>
   <subfield code="e">425159682X</subfield>
  </datafield>
 </record>
</collection>
